NHL Nation Exclusive Cover Athletes - Statistics

General Stats
  • This quiz has been taken 8 times
  • The average score is 8 of 43
Answer Stats
Game Worldwide Cover Athlete Region Region Exclusive Cover Athlete % Correct
NHL 13 Claude Giroux Vancouver Henrik Sedin
57%
NHL 11 Jonathan Toews Sweden Henrik Sedin and Daniel Sedin
57%
NHL 08 Eric Staal Finland Teemu Selanne
57%
NHL 07 Alex Ovechkin Finland Teemu Selanne
57%
NHL 09 Dion Phaneuf Russia Alex Ovechkin
43%
NHL 19 P.K. Subban Finland Patrik Laine
43%
NHL 18 Connor McDavid Switzerland Roman Josi
43%
NHL 14 Martin Brodeur Switzerland Roman Josi
43%
NHL 13 Claude Giroux Switzerland Roman Josi
43%
NHL 08 Eric Staal Czech Republic Jaromir Jagr
29%
NHL 11 Jonathan Toews Switzerland Mark Streit
29%
NHL 10 Patrick Kane Switzerland Mark Streit
29%
NHL 08 Eric Staal Switzerland Mark Streit
29%
NHL 2000 Chris Pronger Europe Markus Naslund
29%
NHL 17 Vladimir Tarasenko Switzerland Nino Niederreiter
29%
NHL 16 Jonathan Toews Switzerland Nino Niederreiter
29%
NHL 15 Patrice Bergeron Switzerland Nino Niederreiter
29%
NHL 07 Alex Ovechkin Sweden Henrik Lundqvist
14%
NHL 08 Eric Staal Sweden Henrik Zetterberg
14%
NHL 12 Steven Stamkos Switzerland Jonas Hiller
14%
NHL 13 Claude Giroux Ottawa Mika Zibanejad
14%
NHL 10 Patrick Kane Finland Mikko Koivu
14%
NHL 09 Dion Phaneuf Czech Republic Patrik Elias
14%
NHL 2003 Jarome Iginla Czech Republic Patrik Elias
14%
NHL 13 Claude Giroux Québec P.K. Subban
14%
NHL 2003 Jarome Iginla Finland Saku Koivu
14%
NHL 19 P.K. Subban Sweden William Nylander
14%
NHL 14 Patrice Bergeron Finland 2 or 3 players from every SM-liiga team
0%
NHL 14 Martin Brodeur Ottawa Craig Anderson
0%
NHL 09 Dion Phaneuf Sweden Daniel Alfredsson
0%
NHL 15 Patrice Bergeron Toronto James van Riemsdyk
0%
NHL 14 Martin Brodeur Toronto James van Riemsdyk
0%
NHL 13 Claude Giroux Finland Jari Kurri
0%
NHL 2001 Owen Nolan Europe Jere Lehtinen
0%
NHL 14 Martin Brodeur Edmonton Jordan Eberle
0%
NHL 2001 Owen Nolan Czech Republic Martin Rucinsky
0%
NHL 10 Patrick Kane Denmark Mikkel Boedker
0%
NHL 10 Patrick Kane Sweden Nicklas Backstrom
0%
NHL 15 Patrice Bergeron Sweden Niclas Andersen, Mattias Tedenby, Samuel Pahlsson, Mikael Tellqvist, Jens Bergenstrom, Erik Forssell, Robin Figren, Chad Kolarik, Tomi Kallio, Fredrik Pettersson-Wentzel, Per Ledin and Jared Aulin
0%
NHL 2005 Markus Naslund Europe Olli Jokinen
0%
NHL 2000 Chris Pronger Czech Republic Richard Smehlik
0%
NHL 06 Vincent Lecavalier Europe Tuomo Ruutu
0%
NHL 14 Martin Brodeur Sweden William Karlsson, Mattias Janmark, Patrik Hersley, Linus Klasen, Dick Axelsson
0%
No matching quizzes found
Score Distribution
Percent of People with Each Score
Percentile by Number Answered
Your Score History
You have not taken this quiz